Detalles MARC
| 000 -LEADER |
| fixed length control field |
01036nam a2200313 i 4500 |
| 001 - CONTROL NUMBER |
| control field |
000044651 |
| 003 - CONTROL NUMBER IDENTIFIER |
| control field |
OSt |
| 005 - DATE AND TIME OF LATEST TRANSACTION |
| control field |
20240118075644.0 |
| 007 - PHYSICAL DESCRIPTION FIXED FIELD--GENERAL INFORMATION |
| fixed length control field |
ta |
| 008 - FIXED-LENGTH DATA ELEMENTS--GENERAL INFORMATION |
| fixed length control field |
141211s2011 dr 000 0 spa d |
| 020 ## - INTERNATIONAL STANDARD BOOK NUMBER |
| International Standard Book Number |
9789945420999 |
| 040 ## - CATALOGING SOURCE |
| Original cataloging agency |
DO-SdBNP |
| Language of cataloging |
spa |
| Transcribing agency |
BPMSU |
| Description conventions |
rda |
| 082 #4 - DEWEY DECIMAL CLASSIFICATION NUMBER |
| Classification number |
RD863.44 |
| Item number |
R789a 2011 |
| Edition number |
22 |
| 100 1# - MAIN ENTRY--PERSONAL NAME |
| Personal name |
Rosario Candelier, Bruno, |
| Dates associated with a name |
1941- |
| Relator term |
autor |
| 245 13 - TITLE STATEMENT |
| Title |
La aventura visionaria : |
| Remainder of title |
encanto y sentido de la ficción / |
| Statement of responsibility, etc. |
Bruno Rosario Candelier. |
| 264 ## - PRODUCTION, PUBLICATION, DISTRIBUTION, MANUFACTURE, AND COPYRIGHT NOTICE |
| Place of production, publication, distribution, manufacture |
Santo Domingo : |
| Name of producer, publisher, distributor, manufacturer |
Academia Dominicana de la Lengua, |
| Date of production, publication, distribution, manufacture, or copyright notice |
2011. |
| 300 ## - PHYSICAL DESCRIPTION |
| Extent |
485 páginas ; |
| Dimensions |
23 cm. |
| 336 ## - CONTENT TYPE |
| Source |
rdacontent |
| Content type term |
texto |
| Content type code |
txt |
| 337 ## - MEDIA TYPE |
| Source |
rdamedia |
| Media type term |
sin mediación |
| Media type code |
n |
| 338 ## - CARRIER TYPE |
| Source |
rdacarrier |
| Carrier type term |
volumen |
| Carrier type code |
nc |
| 490 0# - SERIES STATEMENT |
| Series statement |
Por las amenas liras ; |
| Volume/sequential designation |
10 |
| 500 ## - GENERAL NOTE |
| General note |
Incluye datos biográficos del autor en las solapas |
| 590 ## - LOCAL NOTE (RLIN) |
| Local note |
Inventariado, 2024 /VM |
| 650 #4 - SUBJECT ADDED ENTRY--TOPICAL TERM |
| Topical term or geographic name as entry element |
Novela dominicana |
| 650 #4 - SUBJECT ADDED ENTRY--TOPICAL TERM |
| Topical term or geographic name as entry element |
Literatura dominicana |
| 710 2# - ADDED ENTRY--CORPORATE NAME |
| Corporate name or jurisdiction name as entry element |
Academia Dominicana de la Lengua |
| 910 ## - USER-OPTION DATA (OCLC) |
| User-option data |
VMateo V. Control de calidad BPMSU |
| 942 ## - ADDED ENTRY ELEMENTS (KOHA) |
| Source of classification or shelving scheme |
Dewey Decimal Classification |
| Koha item type |
Libros |